The Chase: All Chasers (UK) - Statistics

General Stats
  • This quiz has been taken 66 times
  • The average score is 6 of 6
Answer Stats
Joined Chaser % Correct
2009 The Dark Destroyer
100%
2009 The Beast
97%
2010 The Governess
97%
2011 The Sinnerman
88%
2015 The Vixen
88%
2020 The Menace
83%
No matching quizzes found
Score Distribution
Percent of People with Each Score
Percentile by Number Answered
Your Score History
You have not taken this quiz